| Tag |
First Indicator |
Second Indicator |
Subfields |
| LEADER |
00000cam a2200000 i 4500 |
| 001 |
in00001854621 |
| 005 |
20151026085247.0 |
| 008 |
811207s1975 ru a b 000 0 rus |
| 010 |
|
|
|a 81469667
|
| 015 |
|
|
|a USSR***
|
| 035 |
|
|
|a (OCoLC)ocm04106816
|
| 040 |
|
|
|a DLC
|c DLC
|d OCLCQ
|d TXA
|d UtOrBLW
|
| 049 |
|
|
|a TXAM
|
| 050 |
0 |
0 |
|a QC865
|b .P75
|
| 082 |
0 |
|
|a 551.5
|2 19
|
| 090 |
|
|
|a QC865
|b .P75 1975
|
| 245 |
0 |
0 |
|a Problemy fiziki atmosfery /
|c pod red. K.I︠A︡. Kondratʹeva.
|
| 264 |
|
1 |
|a Leningrad :
|b Izd-vo Leningradskogo universiteta,
|c 1975.
|
| 300 |
|
|
|a 114 pages :
|b illustrations ;
|c 20 cm.
|
| 336 |
|
|
|a text
|b txt
|2 rdacontent
|
| 337 |
|
|
|a unmediated
|b n
|2 rdamedia
|
| 338 |
|
|
|a volume
|b nc
|2 rdacarrier
|
| 500 |
|
|
|a At head of title: Leningradskiĭ ordena Lenina i ordena Trudovogo krasnogo znameni gosudarstvennyĭ universitet im. A.A. Zhdanova. Kafedra fiziki atmosfery.
|
| 500 |
|
|
|a On verso of title page: Problems of atmospheric physics.
|
| 500 |
|
|
|a Table of contents also in English.
|
| 504 |
|
|
|a Includes bibliographical references.
|
| 650 |
|
0 |
|a Atmospheric physics.
|
| 700 |
1 |
|
|a Kondratʹev, K. I︠A︡.
|q (Kirill I︠A︡kovlevich)
|
| 710 |
2 |
|
|a Leningradskiĭ gosudarstvennyĭ universitet imeni A.A. Zhdanova.
|b Kafedra fiziki atmosfery.
|
| 740 |
0 |
|
|a Problems of atmospheric physics.
|
| 948 |
|
|
|a cataloged
|b h
|c 2004/8/16
|d c
|e spoltoratski
|f 12:23:18 pm
|
| 994 |
|
|
|a E0
|b TXA
|
| 999 |
|
|
|a MARS
|
| 999 |
f |
f |
|s 25e3f9e2-6a50-34e6-a952-1cc1cb45a06e
|i a7f22681-9a35-31f2-b2ab-7b3c21d1a501
|t 0
|
| 952 |
f |
f |
|p normal
|a Texas A&M University
|b College Station
|c Sterling C. Evans Library
|d Evans: Library Stacks
|t 0
|e QC865 .P75 1975
|h Library of Congress classification
|i unmediated -- volume
|m A14832071084
|
| 998 |
f |
f |
|a QC865 .P75 1975
|t 0
|l Evans: Library Stacks
|